000 00310nam a22001337a 4500
008 171025b xxu||||| |||| 00| 0 eng d
020 _a9780495602941
041 _aeng
080 _28 ED
_a311
100 _a55
101 _aSTA
245 _aSTATISTICS BEHAVIORAL SCIENCES
_cWALLNAU.L.B
942 _2udc
_cBK
999 _c35935
_d35935